[Event "Toronto op"]
[Site "Toronto CAN"]
[Date "2025.08.31"]
[Round "3.5"]
[White "Plotkin, Victor"]
[Black "Cummings, David"]
[Result "1-0"]
[WhiteElo "2282"]
[BlackElo "2252"]
[WhiteFideId "-1"]
[WhiteFideId "-1"]
[PlyCount "61"]
[GameId "2217351868145012"]
[EventDate "2025.08.30"]
[EventType "swiss"]
[EventRounds "6"]
[EventCountry "CAN"]
[SourceTitle "The Week in Chess 1608"]
[Source "Mark Crowther"]
[SourceDate "2025.09.01"]
[SourceVersion "2"]
[SourceVersionDate "2025.09.01"]
[SourceQuality "2"]

1. e4 c6 2. Nc3 d5 3. d4 dxe4 4. Nxe4 Nf6 5. Nxf6+ exf6 6. Bc4 Na6 7. Ne2 Bd6 8. O-O Nc7 9. Nf4 O-O 10. c3 Bxf4 11. Bxf4 Nd5 12. Bd2 Be6 13. Bd3 a5 14. Re1 Qd7 15. Qh5 f5 16. Re5 Nf6 17. Qh4 Rfe8 18. Rae1 Bxa2 19. Bxf5 Rxe5 20. Bxd7 Rxe1+ 21. Bxe1 Nxd7 22. Qe7 Be6 23. c4 b6 24. d5 cxd5 25. cxd5 Bf5 26. Bc3 f6 27. h3 h5 28. g4 hxg4 29. hxg4 Bxg4 30. Qe4 Bh3 31. Qf3 1-0

[Event "Toronto op"]
[Site "Toronto CAN"]
[Date "2025.08.31"]
[Round "3.6"]
[White "Razin, Vadim"]
[Black "Huang, Youhe"]
[Result "1-0"]
[WhiteElo "2396"]
[BlackElo "2057"]
[WhiteFideId "-1"]
[WhiteFideId "-1"]
[PlyCount "109"]
[GameId "2217351868145013"]
[EventDate "2025.08.30"]
[EventType "swiss"]
[EventRounds "6"]
[EventCountry "CAN"]
[SourceTitle "The Week in Chess 1608"]
[Source "Mark Crowther"]
[SourceDate "2025.09.01"]
[SourceVersion "2"]
[SourceVersionDate "2025.09.01"]
[SourceQuality "2"]

1. d4 Nf6 2. Nf3 e6 3. Bg5 h6 4. Bh4 c5 5. e3 d5 6. c3 Nbd7 7. Nbd2 Bd6 8. Bd3 O-O 9. O-O Qc7 10. Qe2 b6 11. e4 dxe4 12. Nxe4 Bb7 13. Nxd6 Qxd6 14. Bg3 Qd5 15. Rfd1 Rfd8 16. Bc4 Qe4 17. Qf1 Nh5 18. Bc7 Rdc8 19. Bd3 Qd5 20. Bg3 Nxg3 21. hxg3 c4 22. Bc2 Qh5 23. Re1 Bxf3 24. gxf3 Rab8 25. f4 Qd5 26. Qh3 Re8 27. Re2 b5 28. a3 a5 29. Rae1 b4 30. axb4 axb4 31. f5 bxc3 32. bxc3 Rb2 33. fxe6 Rxe6 34. Rxe6 fxe6 35. Be4 Qd6 36. Bf3 Nf8 37. Qf1 Qa6 38. d5 Rd2 39. Rd1 Rxd1 40. Qxd1 Kf7 41. Qd4 Qb5 42. dxe6+ Nxe6 43. Bd5 Qb1+ 44. Kg2 Qd3 45. Qe5 Qg6 46. Bxc4 Qf6 47. Qd6 Qf5 48. Bxe6+ Qxe6 49. Qxe6+ Kxe6 50. Kf3 h5 51. Kf4 Kf6 52. Ke4 g5 53. f4 g4 54. c4 Ke6 55. c5 1-0

[Event "Toronto op"]
[Site "Toronto CAN"]
[Date "2025.08.31"]
[Round "3.7"]
[White "Gavrilin, Roman"]
[Black "Kang, Dorian"]
[Result "1-0"]
[WhiteElo "2147"]
[BlackElo "2047"]
[WhiteFideId "-1"]
[WhiteFideId "-1"]
[PlyCount "97"]
[GameId "2217351868145014"]
[EventDate "2025.08.30"]
[EventType "swiss"]
[EventRounds "6"]
[EventCountry "CAN"]
[SourceTitle "The Week in Chess 1608"]
[Source "Mark Crowther"]
[SourceDate "2025.09.01"]
[SourceVersion "2"]
[SourceVersionDate "2025.09.01"]
[SourceQuality "2"]

1. e4 c5 2. Nf3 d6 3. Bb5+ Nd7 4. a4 Ngf6 5. Nc3 g6 6. a5 Bg7 7. O-O O-O 8. Re1 a6 9. Bf1 b5 10. axb6 Bb7 11. d3 Qxb6 12. Nd2 Ne5 13. h3 Nh5 14. Nd5 Bxd5 15. exd5 e6 16. g4 Nf4 17. Nc4 Nxc4 18. dxc4 e5 19. Ra3 Qd8 20. Rb3 Bh6 21. Rb7 f5 22. b4 Qh4 23. Bxf4 Bxf4 24. bxc5 Bg5 25. Qf3 fxg4 26. Qg3 Rf3 27. Qxh4 Bxh4 28. Re2 Raf8 29. cxd6 Bxf2+ 30. Kh1 Bc5 31. Bg2 Bxd6 32. hxg4 R3f4 33. Rd7 Bc5 34. Rc7 Bd6 35. Rc6 Bb8 36. d6 Rxg4 37. Bd5+ Kg7 38. c5 Rf1+ 39. Kh2 Rf5 40. Bg2 e4 41. Rc8 Ba7 42. Rc7+ Rf7 43. Rxe4 Rxe4 44. Bxe4 Bb8 45. Rc8 Rf8 46. Rxb8 Rxb8 47. c6 Kf6 48. c7 Re8 49. d7 1-0

[Event "Toronto op"]
[Site "Toronto CAN"]
[Date "2025.08.31"]
[Round "3.8"]
[White "Shih, Matthew"]
[Black "Qian, Ashley"]
[Result "1/2-1/2"]
[WhiteElo "2039"]
[BlackElo "2135"]
[WhiteFideId "-1"]
[WhiteFideId "-1"]
[PlyCount "155"]
[GameId "2217351868145015"]
[EventDate "2025.08.30"]
[EventType "swiss"]
[EventRounds "6"]
[EventCountry "CAN"]
[SourceTitle "The Week in Chess 1608"]
[Source "Mark Crowther"]
[SourceDate "2025.09.01"]
[SourceVersion "2"]
[SourceVersionDate "2025.09.01"]
[SourceQuality "2"]

1. e4 c5 2. Nf3 Nc6 3. Bb5 e6 4. O-O Nge7 5. Re1 a6 6. Bf1 d5 7. exd5 Qxd5 8. Nc3 Qd8 9. d3 Nf5 10. Ne4 Be7 11. c3 b6 12. Qc2 O-O 13. Bf4 Bb7 14. Rad1 Rc8 15. Ng3 Nxg3 16. Bxg3 Qd5 17. a3 Kh8 18. Qe2 Bf6 19. Ne5 Nxe5 20. Bxe5 Bxe5 21. Qxe5 Qxe5 22. Rxe5 Rfd8 23. f4 g6 24. Kf2 Rd6 25. Be2 Rcd8 26. Re3 Bc6 27. Rd2 Kg7 28. g3 Bb5 29. h4 h5 30. Bf1 a5 31. Ke2 Bc6 32. Kf2 Bb5 33. Ke2 a4 34. Kd1 Bc4 35. Kc2 b5 36. Re5 Bd5 37. Be2 f6 38. Re3 b4 39. Kc1 bxc3 40. bxc3 Bb3 41. Bd1 Rb8 42. Rb2 Rbb6 43. Bxb3 axb3 44. c4 Rd7 45. Kd2 Ra7 46. d4 Rd6 47. Rbxb3 Rxd4+ 48. Kc3 Kf7 49. Rd3 Re4 50. Rd8 e5 51. fxe5 Rxe5 52. Rd5 Rxd5 53. cxd5 Ra4 54. Rb7+ Ke8 55. Kb3 Rd4 56. a4 Rxd5 57. a5 Kd8 58. Kc4 Re5 59. a6 Kc8 60. Rg7 Kb8 61. Rxg6 Re6 62. Kxc5 Rxa6 63. Kd5 Kc7 64. Ke4 Kd7 65. Kf5 Ke7 66. Rg7+ Kf8 67. Rh7 Ra3 68. Kxf6 Rf3+ 69. Kg6 Rxg3+ 70. Kxh5 Kg8 71. Ra7 Rb3 72. Ra5 Kh7 73. Kg5 Rg3+ 74. Kf4 Rb3 75. h5 Kh6 76. Kg4 Rb4+ 77. Kg3 Rb3+ 78. Kg4 1/2-1/2

[Event "Toronto op"]
[Site "Toronto CAN"]
[Date "2025.08.31"]
[Round "3.9"]
[White "Lai, Duc Minh"]
[Black "Qian, Eric"]
[Result "1/2-1/2"]
[WhiteElo "2121"]
[BlackElo "1967"]
[WhiteFideId "-1"]
[WhiteFideId "-1"]
[PlyCount "94"]
[GameId "2217351868145016"]
[EventDate "2025.08.30"]
[EventType "swiss"]
[EventRounds "6"]
[EventCountry "CAN"]
[SourceTitle "The Week in Chess 1608"]
[Source "Mark Crowther"]
[SourceDate "2025.09.01"]
[SourceVersion "2"]
[SourceVersionDate "2025.09.01"]
[SourceQuality "2"]

1. d4 d5 2. Nf3 Nf6 3. Bf4 e6 4. e3 Bd6 5. Nbd2 O-O 6. Bd3 c5 7. c3 Qc7 8. Bxd6 Qxd6 9. Ne5 b6 10. f4 Ba6 11. Bc2 Nc6 12. g4 Nd7 13. g5 cxd4 14. exd4 Ndxe5 15. fxe5 Nxe5 16. dxe5 Qxe5+ 17. Kf2 Qxg5 18. Nf3 Qf4 19. Qd4 Qd6 20. Rag1 f6 21. Qh4 Qc5+ 22. Nd4 g6 23. Bxg6 hxg6 24. Rxg6+ Kf7 25. Rxf6+ Ke8 26. Re1 Bc8 27. Kg2 Rxf6 28. Qxf6 Qe7 29. Qh8+ Qf8 30. Qh5+ Qf7 31. Qh8+ Qf8 32. Qxf8+ Kxf8 33. Nxe6+ Bxe6 34. Rxe6 Rd8 35. Kf2 d4 36. c4 Kf7 37. Rh6 d3 38. Ke1 Re8+ 39. Kd2 Re2+ 40. Kxd3 Rxb2 41. Rh7+ Ke6 42. Rxa7 Rxh2 43. Ra6 Rb2 44. Kc3 Rb1 45. c5 Kd5 46. Rxb6 Rxb6 47. cxb6 Kc6 1/2-1/2

[Event "Toronto op"]
[Site "Toronto CAN"]
[Date "2025.08.31"]
[Round "3.10"]
[White "Deepak, Laksshana"]
[Black "Wiebe, Isaac"]
[Result "1/2-1/2"]
[WhiteElo "1990"]
[BlackElo "2093"]
[WhiteFideId "-1"]
[WhiteFideId "-1"]
[PlyCount "187"]
[GameId "2217351868145017"]
[EventDate "2025.08.30"]
[EventType "swiss"]
[EventRounds "6"]
[EventCountry "CAN"]
[SourceTitle "The Week in Chess 1608"]
[Source "Mark Crowther"]
[SourceDate "2025.09.01"]
[SourceVersion "2"]
[SourceVersionDate "2025.09.01"]
[SourceQuality "2"]

1. d4 d5 2. c4 e6 3. Nc3 Nf6 4. cxd5 exd5 5. Bg5 c6 6. e3 Be7 7. Bd3 O-O 8. Qc2 Nbd7 9. Nge2 Re8 10. O-O Nf8 11. Rae1 g6 12. f3 Ne6 13. Bh4 b5 14. Bf2 Bb7 15. h3 a6 16. e4 Nh5 17. Be3 Bh4 18. Rd1 Qc7 19. b4 Rad8 20. e5 Qe7 21. a3 a5 22. Qb1 axb4 23. axb4 Ra8 24. f4 Ra3 25. f5 Nf8 26. Bc1 Ra7 27. f6 Qc7 28. Rf3 Ne6 29. g4 Nxd4 30. Nxd4 Qxe5 31. Nce2 Nxf6 32. Rdf1 Rea8 33. Bf4 Qe7 34. Re3 Qd8 35. Nf3 Ne4 36. Bxe4 dxe4 37. Nxh4 Qxh4 38. g5 Bc8 39. Qxe4 Bxh3 40. Qxc6 Be6 41. Bg3 Qxg5 42. Rxe6 fxe6 43. Qxe6+ Kh8 44. Qd6 Re7 45. Rf2 Rae8 46. Kf1 Kg8 47. Bf4 Qh5 48. Ng3 Qh3+ 49. Kg1 Re1+ 50. Nf1 Qg4+ 51. Bg3 Qe6 52. Qd3 Qc4 53. Qf3 R1e2 54. Rxe2 Qxe2 55. Qd5+ Qe6 56. Qxb5 Rf8 57. Qd3 Qb6+ 58. Ne3 Qxb4 59. Qd5+ Rf7 60. Qd8+ Qf8 61. Qd5 Qc8 62. Nc4 Qb7 63. Qe6 Qb1+ 64. Be1 Qf5 65. Qe2 Qc5+ 66. Ne3 Qg5+ 67. Ng2 Qc5+ 68. Ne3 h5 69. Bf2 Qg5+ 70. Ng2 Qf5 71. Bd4 Qb1+ 72. Ne1 Qb8 73. Qe6 Qg3+ 74. Ng2 Qg4 75. Qe5 Kf8 76. Bc5+ Kg8 77. Qe8+ Kg7 78. Qd8 Rd7 79. Qf8+ Kh7 80. Be3 Qd1+ 81. Kf2 Rd2+ 82. Bxd2 Qxd2+ 83. Kg1 Qd4+ 84. Kh1 Qa1+ 85. Kh2 Qe5+ 86. Kg1 Qd4+ 87. Kf1 Qd3+ 88. Kf2 Qf5+ 89. Qxf5 gxf5 90. Nh4 Kh8 91. Kf3 Kg7 92. Kf4 Kf6 93. Nxf5 h4 94. Nxh4 1/2-1/2

[Event "Toronto op"]
[Site "Toronto CAN"]
[Date "2025.08.31"]
[Round "3.11"]
[White "Yang, Larry"]
[Black "Dhaliwal, Jaipreet Singh"]
[Result "1/2-1/2"]
[WhiteElo "2108"]
[BlackElo "2036"]
[WhiteFideId "-1"]
[WhiteFideId "-1"]
[PlyCount "99"]
[GameId "2217351868145018"]
[EventDate "2025.08.30"]
[EventType "swiss"]
[EventRounds "6"]
[EventCountry "CAN"]
[SourceTitle "The Week in Chess 1608"]
[Source "Mark Crowther"]
[SourceDate "2025.09.01"]
[SourceVersion "2"]
[SourceVersionDate "2025.09.01"]
[SourceQuality "2"]

1. e4 c5 2. Nf3 d6 3. Bb5+ Bd7 4. Bxd7+ Qxd7 5. O-O Nf6 6. Re1 Nc6 7. c3 e6 8. d4 cxd4 9. cxd4 d5 10. e5 Ne4 11. Nbd2 Nxd2 12. Bxd2 Be7 13. Rc1 O-O 14. a3 Rfc8 15. Rc3 b5 16. Rd3 b4 17. h4 bxa3 18. bxa3 Rab8 19. h5 h6 20. g4 Qb7 21. g5 Qa6 22. Qe2 hxg5 23. Nxg5 Rb3 24. Rxb3 Qxe2 25. Rxe2 Nxd4 26. Rb7 Nxe2+ 27. Kf1 Bxg5 28. Bxg5 Nd4 29. Rxa7 Nc6 30. Rd7 Nxe5 31. Rd8+ Rxd8 32. Bxd8 Kh7 33. a4 Nc4 34. a5 Nxa5 35. Bxa5 Kh6 36. Ke2 Kxh5 37. Ke3 Kg4 38. Bc7 f6 39. f3+ Kf5 40. Kd4 e5+ 41. Kxd5 Kf4 42. Ke6 Kxf3 43. Kf7 f5 44. Bxe5 g5 45. Kg6 Ke4 46. Bc7 g4 47. Kg5 Kf3 48. Kxf5 g3 49. Bxg3 Kxg3 50. Ke4 1/2-1/2

[Event "Toronto op"]
[Site "Toronto CAN"]
[Date "2025.08.31"]
[Round "3.12"]
[White "Xie, Irene"]
[Black "Jaferian, Kosha"]
[Result "1/2-1/2"]
[WhiteElo "1977"]
[BlackElo "2285"]
[WhiteFideId "-1"]
[WhiteFideId "-1"]
[PlyCount "94"]
[GameId "2217351868145019"]
[EventDate "2025.08.30"]
[EventType "swiss"]
[EventRounds "6"]
[EventCountry "CAN"]
[SourceTitle "The Week in Chess 1608"]
[Source "Mark Crowther"]
[SourceDate "2025.09.01"]
[SourceVersion "2"]
[SourceVersionDate "2025.09.01"]
[SourceQuality "2"]

1. e4 d6 2. d4 Nf6 3. Bd3 e5 4. d5 Be7 5. c4 O-O 6. Nc3 a5 7. Nge2 Nfd7 8. O-O Bg5 9. a3 Na6 10. Rb1 Bxc1 11. Nxc1 Qg5 12. b4 Nf6 13. Be2 Qh4 14. Bf3 Ng4 15. Bxg4 Bxg4 16. f3 Bd7 17. Nd3 axb4 18. axb4 f5 19. c5 Nb8 20. b5 dxc5 21. b6 cxb6 22. Rxb6 Bc8 23. Nxc5 Qd8 24. Qb3 Ra3 25. Qxa3 Qxb6 26. Rb1 Qh6 27. N3a4 fxe4 28. Nxe4 Bf5 29. Nac5 b6 30. Na4 Bxe4 31. fxe4 Qd2 32. Qb2 Qe3+ 33. Kh1 Qxe4 34. Nxb6 Rf2 35. Qxf2 Qxb1+ 36. Qg1 Qd3 37. Qc5 Qf1+ 38. Qg1 Qd3 39. Qc5 h6 40. h3 Qf1+ 41. Kh2 Qf4+ 42. Kg1 e4 43. Nc4 Nd7 44. Qe3 Qf5 45. Nd6 Qxd5 46. Nxe4 Ne5 47. Nc3 Qe6 1/2-1/2

[Event "Toronto op"]
[Site "Toronto CAN"]
[Date "2025.08.31"]
[Round "4.1"]
[White "Vettese, Nicholas"]
[Black "Atanasov, Anthony"]
[Result "0-1"]
[WhiteElo "2352"]
[BlackElo "2411"]
[WhiteFideId "-1"]
[WhiteFideId "-1"]
[PlyCount "184"]
[GameId "2217351868149116"]
[EventDate "2025.08.30"]
[EventType "swiss"]
[EventRounds "6"]
[EventCountry "CAN"]
[SourceTitle "The Week in Chess 1608"]
[Source "Mark Crowther"]
[SourceDate "2025.09.01"]
[SourceVersion "2"]
[SourceVersionDate "2025.09.01"]
[SourceQuality "2"]

1. e4 e5 2. Nf3 Nf6 3. Nc3 Nc6 4. d4 Bb4 5. d5 Ne7 6. Nxe5 d6 7. Bb5+ Kf8 8. Nd3 Bxc3+ 9. bxc3 Nxe4 10. Qf3 Nxc3 11. Bc4 Bf5 12. Nf4 Ne4 13. Bb2 Ng6 14. h4 Ne5 15. Qe2 c5 16. O-O-O Qa5 17. g4 Qb4 18. gxf5 Nxc4 19. Nd3 Nc3 20. Qh5 Nxa2+ 21. Kb1 Nc3+ 22. Kc1 Na2+ 23. Kb1 Nc3+ 24. Kc1 Qa5 25. f6 Na2+ 26. Kb1 Nc3+ 27. Kc1 Rg8 28. Qxh7 Nxb2 29. Nxb2 Qa1+ 30. Kd2 Qxb2 31. fxg7+ Ke7 32. Rde1+ Kd7 33. Qf5+ Kc7 34. Rh3 Nb5 35. Qxf7+ Kb6 36. Re7 Rab8 37. h5 c4 38. h6 Qd4+ 39. Ke1 Qa1+ 40. Kd2 c3+ 41. Ke3 Qc1+ 42. Kf3 Qxc2 43. h7 Qd1+ 44. Kg2 Rxg7+ 45. Qxg7 c2 46. Rh1 Qxd5+ 47. f3 Qd2+ 48. Kg3 c1=Q 49. Rxc1 Qxc1 50. Kg2 Qd2+ 51. Kh3 Qf2 52. h8=Q Qxf3+ 53. Kh2 Rxh8+ 54. Qxh8 Qf4+ 55. Kh3 a6 56. Qd8+ Ka7 57. Re8 Qf5+ 58. Kh2 Qh5+ 59. Kg2 Qd5+ 60. Kg1 Qc5+ 61. Kf1 Qc1+ 62. Kg2 Qc2+ 63. Kf1 Qc4+ 64. Kg1 Qc5+ 65. Kf1 Nc7 66. Rg8 Qc1+ 67. Kg2 Qc2+ 68. Kg1 Qd1+ 69. Kh2 Qd2+ 70. Kg1 Qd4+ 71. Kh2 Qe5+ 72. Kg1 Ne6 73. Qb8+ Kb6 74. Re8 Qe1+ 75. Kg2 Qe2+ 76. Kg1 Qe3+ 77. Kf1 Qd3+ 78. Ke1 Qc3+ 79. Kf1 Qc4+ 80. Ke1 Qb4+ 81. Kd1 Qd4+ 82. Kc2 Nc5 83. Qd8+ Kb5 84. Re7 a5 85. Qe8+ Kb4 86. Re3 a4 87. Qe7 b5 88. Qg5 Ne4 89. Qf4 Qc4+ 90. Kb2 a3+ 91. Rxa3 Qd4+ 92. Kc2 Kxa3 0-1

[Event "Toronto op"]
[Site "Toronto CAN"]
[Date "2025.08.31"]
[Round "4.2"]
[White "Gao, Raymond"]
[Black "Noritsyn, Nikolay"]
[Result "0-1"]
[WhiteElo "1999"]
[BlackElo "2462"]
[WhiteFideId "-1"]
[WhiteFideId "-1"]
[PlyCount "90"]
[GameId "2217351868149117"]
[EventDate "2025.08.30"]
[EventType "swiss"]
[EventRounds "6"]
[EventCountry "CAN"]
[SourceTitle "The Week in Chess 1608"]
[Source "Mark Crowther"]
[SourceDate "2025.09.01"]
[SourceVersion "2"]
[SourceVersionDate "2025.09.01"]
[SourceQuality "2"]

1. e4 e5 2. Nf3 Nc6 3. Bc4 d6 4. O-O Be7 5. c3 Nf6 6. d3 O-O 7. Re1 Na5 8. Bb5 a6 9. Ba4 b5 10. Bc2 c5 11. Nbd2 Re8 12. Nf1 Qc7 13. Bg5 Be6 14. Ne3 Rac8 15. h3 h6 16. Bxf6 Bxf6 17. Nd5 Bxd5 18. exd5 Qb7 19. Nd2 Qxd5 20. Ne4 Qe6 21. Qf3 Be7 22. Re2 g6 23. d4 cxd4 24. cxd4 d5 25. Nc5 e4 26. Qc3 Bxc5 27. dxc5 Nc6 28. Bb3 Qe5 29. Qd2 Nd4 30. Ree1 Rxc5 31. Qxh6 Rec8 32. h4 a5 33. Bd1 R8c6 34. Qd2 a4 35. Qa5 Kg7 36. Qd2 Nc2 37. Bxc2 Rxc2 38. Qd1 Rxb2 39. Rb1 a3 40. h5 gxh5 41. Re3 b4 42. Rb3 Rxa2 43. Rxb4 Rcc2 44. Qd4 Qxd4 45. Rxd4 Rd2 0-1

[Event "Toronto op"]
[Site "Toronto CAN"]
[Date "2025.08.31"]
[Round "4.4"]
[White "Gavrilin, Roman"]
[Black "Plotkin, Victor"]
[Result "0-1"]
[WhiteElo "2147"]
[BlackElo "2282"]
[WhiteFideId "-1"]
[WhiteFideId "-1"]
[PlyCount "94"]
[GameId "2217351868149119"]
[EventDate "2025.08.30"]
[EventType "swiss"]
[EventRounds "6"]
[EventCountry "CAN"]
[SourceTitle "The Week in Chess 1608"]
[Source "Mark Crowther"]
[SourceDate "2025.09.01"]
[SourceVersion "2"]
[SourceVersionDate "2025.09.01"]
[SourceQuality "2"]

1. e4 e5 2. Nf3 Nc6 3. Bb5 a6 4. Ba4 Nf6 5. O-O d6 6. Re1 b5 7. Bb3 Be7 8. c3 O-O 9. h3 Na5 10. Bc2 c5 11. d4 Qc7 12. d5 Ne8 13. Nbd2 g6 14. b4 Nb7 15. a4 bxa4 16. Bxa4 Ng7 17. Bc6 Rb8 18. Qa4 cxb4 19. cxb4 Nd8 20. Qa5 Qxa5 21. bxa5 Nxc6 22. dxc6 Be6 23. Rb1 Rxb1 24. Nxb1 Rc8 25. Ba3 f6 26. Rc1 Ne8 27. Ne1 f5 28. f4 fxe4 29. fxe5 Bg5 30. Rc2 dxe5 31. Bc1 Bxc1 32. Rxc1 Bd5 33. Rc5 Bxc6 34. Rxe5 Kf7 35. Nd2 Nd6 36. Rc5 Bb7 37. Nb3 Ke6 38. Nc2 Rxc5 39. Nxc5+ Kd5 40. Nxb7 Nxb7 41. Nb4+ Kd4 42. Kf2 Nc5 43. Nc6+ Kc4 44. g4 Kb5 45. Ne7 Kxa5 46. h4 Kb5 47. h5 gxh5 0-1

[Event "Toronto op"]
[Site "Toronto CAN"]
[Date "2025.08.31"]
[Round "4.5"]
[White "Achyuth, Akshaj"]
[Black "Razin, Vadim"]
[Result "0-1"]
[WhiteElo "1751"]
[BlackElo "2396"]
[WhiteFideId "-1"]
[WhiteFideId "-1"]
[PlyCount "66"]
[GameId "2217351868149120"]
[EventDate "2025.08.30"]
[EventType "swiss"]
[EventRounds "6"]
[EventCountry "CAN"]
[SourceTitle "The Week in Chess 1608"]
[Source "Mark Crowther"]
[SourceDate "2025.09.01"]
[SourceVersion "2"]
[SourceVersionDate "2025.09.01"]
[SourceQuality "2"]

1. e4 e6 2. d4 d5 3. Bd3 dxe4 4. Bxe4 Nf6 5. Bf3 c5 6. Ne2 Nc6 7. Bxc6+ bxc6 8. O-O cxd4 9. Qxd4 Ba6 10. Qe3 Bd6 11. Qf3 Qc7 12. h3 O-O 13. Re1 c5 14. Bf4 e5 15. Bh2 Bb7 16. Qe3 Nd5 17. Qd2 Qc6 18. f3 c4 19. Nbc3 Bc5+ 20. Kh1 Ne3 21. Ne4 Rad8 22. Qc3 Qg6 23. N4g3 Bd4 24. Nxd4 exd4 25. Qb4 Bd5 26. Rxe3 dxe3 27. Qc3 Rfe8 28. Ne2 Bb7 29. Bg1 Rd2 30. Nf4 Qxc2 31. Re1 Qxc3 32. bxc3 Rxa2 33. Bxe3 Bc6 0-1

[Event "Toronto op"]
[Site "Toronto CAN"]
[Date "2025.08.31"]
[Round "4.6"]
[White "Cummings, David"]
[Black "Malakar, Saarthak"]
[Result "1/2-1/2"]
[WhiteElo "2252"]
[BlackElo "2083"]
[WhiteFideId "-1"]
[WhiteFideId "-1"]
[PlyCount "50"]
[GameId "2217351868149121"]
[EventDate "2025.08.30"]
[EventType "swiss"]
[EventRounds "6"]
[EventCountry "CAN"]
[SourceTitle "The Week in Chess 1608"]
[Source "Mark Crowther"]
[SourceDate "2025.09.01"]
[SourceVersion "2"]
[SourceVersionDate "2025.09.01"]
[SourceQuality "2"]

1. c4 Nf6 2. Nf3 e6 3. g3 d5 4. Bg2 Be7 5. O-O O-O 6. d3 d4 7. e4 dxe3 8. Bxe3 Nc6 9. h3 e5 10. Nc3 Be6 11. Re1 Qd7 12. d4 exd4 13. Nxd4 Nxd4 14. Qxd4 c6 15. Qxd7 Nxd7 16. Red1 Rad8 17. b3 Nc5 18. Rxd8 Rxd8 19. Rd1 Rxd1+ 20. Nxd1 a5 21. Nc3 Kf8 22. h4 Ke8 23. Ne4 Na6 24. Bd4 f6 25. Nc3 Nc5 1/2-1/2

[Event "Toronto op"]
[Site "Toronto CAN"]
[Date "2025.08.31"]
[Round "4.7"]
[White "Qian, Ashley"]
[Black "Deepak, Laksshana"]
[Result "0-1"]
[WhiteElo "2135"]
[BlackElo "1990"]
[WhiteFideId "-1"]
[WhiteFideId "-1"]
[PlyCount "106"]
[GameId "2217351868149122"]
[EventDate "2025.08.30"]
[EventType "swiss"]
[EventRounds "6"]
[EventCountry "CAN"]
[SourceTitle "The Week in Chess 1608"]
[Source "Mark Crowther"]
[SourceDate "2025.09.01"]
[SourceVersion "2"]
[SourceVersionDate "2025.09.01"]
[SourceQuality "2"]

1. e4 c6 2. d4 d5 3. exd5 cxd5 4. c4 Nf6 5. Nc3 Nc6 6. Bg5 Be6 7. Be2 Qa5 8. Nf3 dxc4 9. Bxf6 exf6 10. d5 Rd8 11. Bxc4 Bb4 12. O-O Bxc3 13. bxc3 Bxd5 14. Qe2+ Kf8 15. Rfe1 g6 16. Bxd5 Rxd5 17. c4 Rd6 18. Qb2 Kg7 19. c5 Rd7 20. Qc2 Rhd8 21. h3 Rd5 22. Rec1 Nb4 23. Qc3 Rc8 24. Rcb1 Rdxc5 25. Qd2 Nc2 26. Qxa5 Rxa5 27. Rc1 Nxa1 28. Rxc8 Rxa2 29. Rc7 b5 30. Nd4 b4 31. Ne6+ Kh6 32. Rxf7 b3 33. Rb7 Ra6 34. Nf8 Rb6 35. Rxh7+ Kg5 36. f4+ Kf5 37. g4+ Kxf4 38. Nxg6+ Kg3 39. Re7 Kxh3 40. Nf4+ Kxg4 41. Nd3 b2 42. Nxb2 Rxb2 43. Rxa7 Nc2 44. Rg7+ Kf4 45. Rc7 f5 46. Rc4+ Kf3 47. Rc3+ Ne3 48. Ra3 f4 49. Kh1 Kg3 50. Ra1 Rh2+ 51. Kg1 f3 52. Rf1 Nxf1 53. Kxf1 Rh1# 0-1

[Event "Toronto op"]
[Site "Toronto CAN"]
[Date "2025.08.31"]
[Round "4.8"]
[White "Zhang, Daniel"]
[Black "Lai, Duc Minh"]
[Result "0-1"]
[WhiteElo "1922"]
[BlackElo "2121"]
[WhiteFideId "-1"]
[WhiteFideId "-1"]
[PlyCount "116"]
[GameId "2217351868149123"]
[EventDate "2025.08.30"]
[EventType "swiss"]
[EventRounds "6"]
[EventCountry "CAN"]
[SourceTitle "The Week in Chess 1608"]
[Source "Mark Crowther"]
[SourceDate "2025.09.01"]
[SourceVersion "2"]
[SourceVersionDate "2025.09.01"]
[SourceQuality "2"]

1. c4 c5 2. Nc3 g6 3. g3 Bg7 4. Bg2 Nc6 5. e4 a6 6. Nge2 b5 7. cxb5 axb5 8. Nxb5 Ba6 9. Nec3 Bxc3 10. Nxc3 Nb4 11. Bf1 Bd3 12. Bxd3 Nxd3+ 13. Kf1 Nf6 14. Qe2 c4 15. Kg2 O-O 16. b3 Qc7 17. a4 Rfb8 18. bxc4 Qxc4 19. Ba3 d6 20. Rhb1 Rxb1 21. Rxb1 Rxa4 22. Rb8+ Kg7 23. Rc8 Qa6 24. e5 Qb7+ 25. f3 Nxe5 26. Nxa4 Qxc8 27. Bb2 Qc4 28. Qxc4 Nxc4 29. d3 Nxb2 30. Nxb2 Nd5 31. f4 f5 32. Kf3 Kf6 33. Nc4 Ke6 34. d4 Nf6 35. Nb6 h6 36. h4 Nd5 37. Nc4 Kd7 38. Ke2 Nc3+ 39. Kf3 Kc6 40. Ne3 Nb5 41. d5+ Kc5 42. g4 Nd4+ 43. Kg3 h5 44. gxh5 gxh5 45. Kf2 Kb4 46. Nf1 Kc4 47. Ne3+ Kd3 48. Nf1 Ke4 49. Ng3+ Kxf4 50. Nxh5+ Kg4 51. Ng7 f4 52. h5 Kg5 53. Ne8 Kxh5 54. Nc7 Kg4 55. Na6 Kf5 56. Nb4 Ke4 57. Nc6 Nf5 58. Nb4 Ne3 0-1

[Event "Toronto op"]
[Site "Toronto CAN"]
[Date "2025.08.31"]
[Round "4.9"]
[White "Qian, Eric"]
[Black "Shih, Matthew"]
[Result "1-0"]
[WhiteElo "1967"]
[BlackElo "2039"]
[WhiteFideId "-1"]
[WhiteFideId "-1"]
[PlyCount "134"]
[GameId "2217351868149124"]
[EventDate "2025.08.30"]
[EventType "swiss"]
[EventRounds "6"]
[EventCountry "CAN"]
[SourceTitle "The Week in Chess 1608"]
[Source "Mark Crowther"]
[SourceDate "2025.09.01"]
[SourceVersion "2"]
[SourceVersionDate "2025.09.01"]
[SourceQuality "2"]

1. Nf3 Nf6 2. c4 e6 3. g3 d5 4. Bg2 d4 5. e3 c5 6. O-O Nc6 7. d3 Bd6 8. exd4 cxd4 9. Bg5 O-O 10. Na3 h6 11. Bxf6 Qxf6 12. Nc2 e5 13. a3 a5 14. Rb1 a4 15. b4 axb3 16. Rxb3 Ra7 17. Nd2 Qg6 18. Nb4 Bd7 19. Be4 f5 20. Bd5+ Kh8 21. Qb1 Rfa8 22. Nc2 Na5 23. Rb6 Bc6 24. Nf3 Bc7 25. Rb2 Bxd5 26. cxd5 b6 27. Re1 Qf6 28. d6 Qxd6 29. Nxe5 Qf6 30. Nd7 Qd6 31. Nxb6 Rb8 32. Nc4 Rxb2 33. Qxb2 Nxc4 34. dxc4 d3 35. Nb4 Bb6 36. Rd1 Bc5 37. Rxd3 Qe7 38. Rd1 Qe4 39. Nd3 Qxc4 40. Nxc5 Qxc5 41. Qb4 Rc7 42. Qxc5 Rxc5 43. Kf1 Kg8 44. Ra1 Kf7 45. a4 Ra5 46. Ke2 Ke6 47. Kd3 Kd5 48. Kc3 Kc5 49. Kb3 Kb6 50. Re1 Rd5 51. Re7 Rd2 52. Rxg7 Rxf2 53. Rg6+ Kc5 54. Rxh6 Rf3+ 55. Kc2 Kd5 56. Rh4 Ke5 57. Kb2 Rd3 58. a5 Kd5 59. a6 Kc6 60. Ra4 Rd8 61. a7 Ra8 62. Kc3 Kb5 63. Ra2 Kc5 64. Kd3 Kd5 65. Ra5+ Kc6 66. Ke3 Kb6 67. Ra2 Kb7 1-0